To the members of the N.A.A. (Record no. 114310)
[ view plain ]
| 000 -LEADER | |
|---|---|
| fixed length control field | 00672cam a22001935a 4500 |
| 001 - CONTROL NUMBER | |
| control field | L156596 |
| 008 - FIXED-LENGTH DATA ELEMENTS--GENERAL INFORMATION | |
| fixed length control field | 120611s1928 xxk f 000 0 eng d |
| 035 ## - SYSTEM CONTROL NUMBER | |
| System control number | (Sirsi) u156596 |
| 041 0# - LANGUAGE CODE | |
| Language code of text/sound track or separate title | eng |
| 100 1# - MAIN ENTRY--PERSONAL NAME | |
| Personal name | Chippindale, Amos |
| 245 00 - TITLE STATEMENT | |
| Title | To the members of the N.A.A. |
| 260 ## - PUBLICATION, DISTRIBUTION, ETC. | |
| Place of publication, distribution, etc. | Harrogate |
| Name of publisher, distributor, etc. | [the authors] |
| Date of publication, distribution, etc. | [1928] |
| 300 ## - PHYSICAL DESCRIPTION | |
| Extent | [8 p.] |
| Dimensions | 21 cm. |
| 520 ## - SUMMARY, ETC. | |
| Summary, etc. | Two leaflets outlining the grievances of the Yorkshire Branch of the National Association of Auctioneers, and seeking support for the creation of a new institution, the Valuers' Institution. |
| 651 #4 - SUBJECT ADDED ENTRY--GEOGRAPHIC NAME | |
| Geographic name | Great Britain |
| Chronological subdivision | 1707- |
| 690 ## - LOCAL SUBJECT ADDED ENTRY--TOPICAL TERM (OCLC, RLIN) | |
| Topical term or geographic name as entry element | Auctioneering |
| 9 (RLIN) | 6218 |
| 700 1# - ADDED ENTRY--PERSONAL NAME | |
| Personal name | Harrop Short, T. |
| 942 ## - ADDED ENTRY ELEMENTS (KOHA) | |
| Suppress in OPAC | 0 |
| Withdrawn status | Lost status | Source of classification or shelving scheme | Damaged status | Not for loan | Home library | Current library | Shelving location | Date acquired | Total Checkouts | Full call number | Barcode | Date last seen | Copy number | Price effective from | Koha item type |
|---|---|---|---|---|---|---|---|---|---|---|---|---|---|---|---|
| Dewey Decimal Classification | Historic collection | Historic collection | RICS Boxes | 11/06/2012 | RICS 1928/7 | 30076922 | 06/08/2019 | 1 | 06/08/2019 | Archive |